书目信息 |
| 题名: |
应用Java API开发Web Services
|
|
| 作者: | 弗斯特 , Foster , Porter 著 ;李华飚 , 黎晓冬 译 | |
| 分册: | ||
| 出版信息: | 北京 中国水利水电出版社 2003.07 |
|
| 页数: | 340页 | |
| 开本: | 24cm | |
| 丛书名: | 万水计算机核心技术精解系列 | |
| 单 册: | ||
| 中图分类: | TP312JA | |
| 科图分类: | ||
| 主题词: | JAVA语言--程序设计 , JAVA语言 , 程序设计 | |
| 电子资源: | ||
| ISBN: | 7-5084-1515-9 | |
| 000 | 01128nam2 2200325 45 | |
| 001 | 012004000000 | |
| 005 | 20050111150151.89 | |
| 010 | @a7-5084-1515-9@dCNY 36.00 | |
| 100 | @a20041220d2003 em y0chiy0121 ea | |
| 101 | 1 | @achi@ceng |
| 102 | @aCN@b110000 | |
| 105 | @aak z 000yy | |
| 200 | 1 | @a应用Java API开发Web Services@Aying yong Java API kai fa Web Services@f(美)弗斯特(Jay Foster), (美)Mick Porter等著@g李华飚, 黎晓冬等译 |
| 210 | @a北京@c中国水利水电出版社@d2003.07 | |
| 215 | @a340页@c图, 表格@d24cm | |
| 225 | 2 | @a万水计算机核心技术精解系列 |
| 312 | @a封面并列题名: Developing web services with java APIs for XML using wsdp | |
| 410 | 0 | @12001 @a万水计算机核心技术精解系列 |
| 510 | 1 | @aDeveloping web services with java APIs for XML using wsdp@zeng |
| 606 | 0 | @aJAVA语言@x程序设计 |
| 606 | 0 | @aJAVA语言 |
| 606 | 0 | @a程序设计 |
| 690 | @aTP312JA@v4 | |
| 701 | 1 | @a弗斯特@Afu si te@bJ.@4著 |
| 701 | A1 | @aFoster@bJay@4著 |
| 701 | A1 | @aPorter@bMick@4著 |
| 702 | 0 | @a李华飚@Ali hua biao@4译 |
| 702 | 0 | @a黎晓冬@Ali xiao dong@4译 |
| 801 | 0 | @aCN@bQSSKxf@c20050111 |
| 905 | @a10447@dTP312JA@eF600 | |
| 应用Java API开发Web Services/(美)弗斯特(Jay Foster), (美)Mick Porter等著/李华飚, 黎晓冬等译.-北京:中国水利水电出版社,2003.07 |
| 340页:图, 表格;24cm.-(万水计算机核心技术精解系列) |
| ISBN 7-5084-1515-9:CNY 36.00 |
| ● |
| 相关链接 |
|
|
|
正题名:应用Java API开发Web Services
索取号:TP312JA/F600
 
预约/预借
| 序号 | 登录号 | 条形码 | 馆藏地/架位号 | 状态 | 备注 |
| 1 | 436295 | 204362956 | 自科库301/301自科库 55排4列5层/ [索取号:TP312JA/F600] | 在馆 | |
| 2 | 436296 | 204362965 | 自科库301/404自科库 17排3列4层/ [索取号:TP312JA/F600] | 在馆 | |
| 3 | 436297 | 204362974 | 自科库301/301自科库 55排4列5层/ [索取号:TP312JA/F600] | 在馆 |